00787 2200241 4500001002100000005001700021008004100038035002400079082001200103090001900115110005500134245010600189260012100295300002200416650002900438850000900467980001500476985000600491986000900497999001500506990001200521990001200533YOGYA-0209000006579720090227091836.0 ind  0010-020900000065797 a992.121 a992.121bPro S aPROYEK PENELITIAN DAN PENCATATAN KEBUDAYAAN DAERAH aSejarah kebangkitan nasional Daerah Sumatra BaratcProyek Penelitian dan Pencatatan Kebudayaan Daerah aJakartabDepdikbud Pusat Penelitian Sejarah dan Budaya Proyek Penelitian dan Pencatatan Kebudayaan Daerahc1977/1978 ax, 215 hlmc23 cm aSumatera Barat - Sejarah aBPAD a27-11-2008 a1 aRuni aa000060737 a60737-A a60737-A